000 005070000a22001930004500
001 003083
003 MACL
005 20150802152317.0
008 150802b xxu||||| |||| 00| 0 eng d
040 _aMACL
_cMACL
041 _aEnglish
082 _a378/PAN
100 _aPandey, K.P.
_94385
245 _aPerspectives In Higher Education
_bChallenges And Emerging Trends
_cK.P. Pandey
260 _aDelhi
_c2003
_bBharat Book Centre,
350 _a495
650 _aEducation
_94387
942 _k378
_cBK
_2ddc
999 _c14989
_d14989